000 03434nam a22002417a 4500
003 UA-OsUOA
005 20210614152626.0
008 210614b un ||||| m||| 00| 0 ukr d
040 _aUA-OsUOA
_bukr
_cUA-OsUOA
_dUA-OsUOA
041 _aukr
080 _a159.922:351.746.1(477)
090 _a159.922:351.746.1(477)
095 _a19.00.09
_bпсихологія діяльності в особливих умовах
100 _aМахлай О. М.
245 _aПсихологічні умови розвитку пізнавальної сфери офіцерів оперативно–розшукових підрозділів Державної прикордонної служби України
_cМахлай Олександр Миколайович ; наук. керівник Чистяков Сергій Аркадійович
260 _aХмельницький
_c2007
300 _a20 с.
502 _6Автореферат дисертації на здобуття наукового ступеня кандидата психологічних наук
_cНаціональна академія Державної прикордонної служби України імені Богдана Хмельницького
520 _aДисертацію присвячено уточненню змісту поняття „пізнавальна сфера офіцера оперативно-розшукового підрозділу” та її значення для ефективної професійної діяльності в особливих умовах. Розроблено та науково перевірено структурну модель пізнавальної діяльності офіцерів оперативно-розшукових підрозділів Державної прикордонної служби України. Визначено психологічні умови розвитку пізнавальної сфери офіцерів оперативно-розшукових підрозділів, обґрунтовано критерії оцінки, показники та рівні її розвиненості. Встановлено реальний рівень розвиненості пізнавальної сфери офіцерів оперативно-розшукових підрозділів Державної прикордонної служби України, розроблено практичні рекомендації з її розвитку. Експериментально підтверджено, що основними психологічними умовами розвитку пізнавальної сфери офіцерів оперативно-розшукових підрозділів є: потреба у проявах багатоконтекстного творчого мислення; здібності до проблематизації; опанування творчими розумовими стратегіями; здатність до самоуправління емоційним станом в процесі творчої діяльності; доцільна творча взаємодія в професійній діяльності та ін.
650 _2UDC
_a159.9 Психологія
942 _2udc
_cAR
955 _a1
999 _c570787
_d570787